Library of the University of Algiers 3
Ibrahim Sultan Cheibout
شعار جامعة الجزائر 3
مكتبة جامعة الجزائر 3
إبراهيم سلطان شيبوط

النظام القانوني لحماية التجارة الاليكترونية : (رقم التسجيلة. 42555)

تفاصيل مارك
000 -LEADER
fixed length control field 02377nam a2200229Ia 4500
003 - CONTROL NUMBER IDENTIFIER
control field Ost
005 - DATE AND TIME OF LATEST TRANSACTION
control field 20260507075045.0
008 - FIXED-LENGTH DATA ELEMENTS--GENERAL INFORMATION
fixed length control field 260507s9999||||xx |||||||||||||| ||und||
020 ## - INTERNATIONAL STANDARD BOOK NUMBER
International Standard Book Number 9774160845
040 ## - CATALOGING SOURCE
Transcribing agency fsecg
041 ## - LANGUAGE CODE
Language code of text/sound track or separate title ara
082 ## - DEWEY DECIMAL CLASSIFICATION NUMBER
Classification number 381.142
100 ## - MAIN ENTRY--PERSONAL NAME
Personal name حجازي، عبد الفتاح بيومي
Relator term مؤلف
245 #0 - TITLE STATEMENT
Title النظام القانوني لحماية التجارة الاليكترونية :
Remainder of title الحماية الجنائية لنظام التجارة الاليكترونية /
Statement of responsibility, etc. عبد الفتاح بيومي حجازي
260 ## - PUBLICATION, DISTRIBUTION, ETC.
Place of publication, distribution, etc. الاسكندرية:
Name of publisher, distributor, etc. دار الفكر الجامعي,
Date of publication, distribution, etc. 2002
300 ## - PHYSICAL DESCRIPTION
Extent 410 صفحة؛
Other physical details إيضاحات ؛
Dimensions 24 سم
504 ## - BIBLIOGRAPHY, ETC. NOTE
Bibliography, etc. note مراجع ص.389
520 ## - SUMMARY, ETC.
Summary, etc. جرائم التجارة الإليكترونية-الدخول غير المشروع لمواقع التجارة الإليكترونية-الحماية الجنائية للبيانات الشخصية أو الإسمية-المسئولية الجنائية لمقدمى الخدمات الوسيطة في الإنترنت-حماية الأموال في نطاق التجارة الإليكترونية-التعامل في بيانات التجارة الإليكترونية بدون ترخيص-جريمة التصريح عمدا بمعطيات خاطئة-جرائم الإعتداء على التوقيع الإليكتروني-جرائم الإعتداء على البيانات المشفرة-إستغلال المتعامل في البيع الإليكتروني-جريمة التهرب الضريبي في التجارة الإليكترونية-حماية البطاقات الممغنطة كوسيلة وفاء في التجارة الإليكترونية-الحماية الجنائية للتجارة الإليكترونية في بعض القوانين الأوربية والعربية-الحماية الجنائية للتجارة الإليكترونية في فرنسا-الحماية الجنائية للتجارة الإلكترونية في دوقية لكسمبرج-الحماية الجنائية للتجارة الإليكترونية في التشريع المصري-الحماية الجنائية للتجارة الإليكترونية في القانون التونسي
653 ## - INDEX TERM--UNCONTROLLED
Uncontrolled term الالكترونيات
653 ## - INDEX TERM--UNCONTROLLED
Uncontrolled term التجارة الاليكترونية - قانون
942 ## - ADDED ENTRY ELEMENTS (KOHA)
Koha item type كتب
المقتنيات
Withdrawn status Lost status Source of classification or shelving scheme Damaged status Not for loan Home library Current library Date acquired Serial enumeration / chronology Inventory number Total checkouts Full call number Barcode Date last seen Price effective from Koha item type
    Dewey Decimal Classification   NOT LOAN / إعارة داخلية مكتبة كلية العلوم الإقتصادية والعلوم التجارية وعلوم التسيير مكتبة كلية العلوم الإقتصادية والعلوم التجارية وعلوم التسيير 07/05/2026 الطابق الأرضي 1/1/302   أ/302ك2ن1 1/1/302 07/05/2026 07/05/2026 كتب
    Dewey Decimal Classification   Available مكتبة كلية العلوم الإقتصادية والعلوم التجارية وعلوم التسيير مكتبة كلية العلوم الإقتصادية والعلوم التجارية وعلوم التسيير 07/05/2026 الطابق الأرضي 2/1/302   أ/302ك2ن2 2/1/302 07/05/2026 07/05/2026 كتب
    Dewey Decimal Classification   Available مكتبة كلية العلوم الإقتصادية والعلوم التجارية وعلوم التسيير مكتبة كلية العلوم الإقتصادية والعلوم التجارية وعلوم التسيير 07/05/2026 الطابق الأرضي 3/1/302   أ/302ك2ن3 3/1/302 07/05/2026 07/05/2026 كتب
    Dewey Decimal Classification   Available مكتبة كلية العلوم الإقتصادية والعلوم التجارية وعلوم التسيير مكتبة كلية العلوم الإقتصادية والعلوم التجارية وعلوم التسيير 07/05/2026 الطابق الثاني 4/1/302   أ/302ك2ن4 4/1/302 07/05/2026 07/05/2026 كتب
    Dewey Decimal Classification   Available مكتبة كلية العلوم الإقتصادية والعلوم التجارية وعلوم التسيير مكتبة كلية العلوم الإقتصادية والعلوم التجارية وعلوم التسيير 07/05/2026 الطابق الثاني 5/1/302   أ/302ك2ن5 5/1/302 07/05/2026 07/05/2026 كتب

موارد الويب المفتوحة


© University of Algiers 3 All Rights Reserved
|
Implemented by LECHELAH Riad